Shark attack! / (Record no. 762)

MARC details
000 -LEADER
fixed length control field 00841cam a2200265 a 4500
005 - DATE AND TIME OF LATEST TRANSACTION
control field 20230908140900.0
020 ## - INTERNATIONAL STANDARD BOOK NUMBER
International Standard Book Number 9780756656072
040 ## - CATALOGING SOURCE
Original cataloging agency DLC
Transcribing agency DLC
Modifying agency DLC
Language of cataloging eng
050 00 - LIBRARY OF CONGRESS CALL NUMBER
Classification number QL638.D825
Item number D825 1998
082 00 - DEWEY DECIMAL CLASSIFICATION NUMBER
Classification number 597.3
Edition number 21
100 1# - MAIN ENTRY--PERSONAL NAME
Personal name Dubowski, Cathy East.
245 10 - TITLE STATEMENT
Title Shark attack! /
Statement of responsibility, etc. written by Cathy East Dubowski.
250 ## - EDITION STATEMENT
Edition statement 1st American ed.
260 ## - PUBLICATION, DISTRIBUTION, ETC.
Place of publication, distribution, etc. New York :
Name of publisher, distributor, etc. DK Publishing
Date of publication, distribution, etc. 1998.
300 ## - PHYSICAL DESCRIPTION
Extent 48 pages :
Other physical details color illustrations, maps ;
Dimensions 23 cm
505 ## - FORMATTED CONTENTS NOTE
Formatted contents note U <br/>
520 ## - SUMMARY, ETC.
Summary, etc. Describes the nearly disastrous encounter of a spear-fisherman with a shark off the coast of Australia.
521 0# - TARGET AUDIENCE NOTE
Target audience note 820 <br/>
Source Lexile <br/>
521 0# - TARGET AUDIENCE NOTE
Target audience note U <br/>
Source Raz-Plus <br/>
650 #0 - SUBJECT ADDED ENTRY--TOPICAL TERM
Topical term or geographic name entry element Shark attacks
General subdivision Non-fiction.
650 #1 - SUBJECT ADDED ENTRY--TOPICAL TERM
Topical term or geographic name entry element Shark attacks.
906 ## - LOCAL DATA ELEMENT F, LDF (RLIN)
a 7
b cbc
c orignew
d 1
e ocip
f 19
g y-gencatlg
942 ## - ADDED ENTRY ELEMENTS (KOHA)
Source of classification or shelving scheme Dewey Decimal Classification
Koha item type Books
Suppress in OPAC No
999 ## -
-- 762
-- 762
Holdings
Withdrawn status Lost status Source of classification or shelving scheme Damaged status Not for loan Collection Home library Current library Shelving location Date acquired Total Checkouts Full call number Barcode Date last seen Copy number Price effective from Koha item type
    Dewey Decimal Classification     Non-Fiction Footprints International School Library Network Toul Kork Campus Footprints International School Library Network Toul Kork Campus TTP Secondary Non-Fiction Bookshelves 09/17/2024   DUB 597.3 QL638.D825 2024-1993 11/10/2025 1 09/17/2024 Books